| 000 | 00729nam a2200157 a 4500 | ||
|---|---|---|---|
| 008 | 080424s1974 ||||||||||||||||| || u | ||
| 020 | _a0750619090 | ||
| 050 | _aHD 31 Dru | ||
| 100 | _aDrucker, Peter F | ||
| 245 | 1 | 0 | _aManagement: an abridged and revised version of: tasks, responsibilities practices |
| 260 |
_aLondon: _bHeinemann _c1974 |
||
| 350 | _a0.00 | ||
| 650 | 0 | _aMANAGEMENT | |
| 995 |
_aMAIN LIBRARY OPEN ACCESS _D0.00 _e730108 _FCBU-MAIN LIBRARY (Kitwe) _H1 _I0.00 _jHD 31 DRU _M1 _ULOST _VMar 11, 2013 _WApr 24, 2008 _y027098 _ZMain Library Open Access Collection |
||
| 995 |
_aBINDERY (DAMAGED) _D0.00 _e730692 _FCBU-MAIN LIBRARY (Kitwe) _H1 _I0.00 _jHD 31 DRU _M2 _UDAMAGED _WApr 24, 2008 _y027336 _ZMain Library Open Access Collection |
||
| 999 |
_c82394 _d82394 |
||